Collins concise dictionary plus
Đã lưu trong:
| Format: | Bog |
|---|---|
| Sprog: | Undetermined |
| Udgivet: |
London and Glasgow
Collins
1989
|
| Fag: | |
| Tags: |
Tilføj Tag
Ingen Tags, Vær først til at tagge denne postø!
|
| Thư viện lưu trữ: | Trung tâm Học liệu Trường Đại học Cần Thơ |
|---|
| LEADER | 00410nam a2200157Ia 4500 | ||
|---|---|---|---|
| 001 | CTU_121831 | ||
| 008 | 210402s9999 xx 000 0 und d | ||
| 082 | |a 423 | ||
| 082 | |b C712 | ||
| 245 | 0 | |a Collins concise dictionary plus | |
| 260 | |a London and Glasgow | ||
| 260 | |b Collins | ||
| 260 | |c 1989 | ||
| 650 | |a English language | ||
| 904 | |i Thủy | ||
| 980 | |a Trung tâm Học liệu Trường Đại học Cần Thơ | ||